000 00574nam a22001575i 4500
001 158175
003 ES-MaACL
005 20230906211037.0
008 960320s1893 sp a |||| | spa d
040 _aCLM
_bspa
_cCCPB | SIC
100 1 _aLozano y Ponce de León, Eduardo.
_974474
245 1 0 _aLecciones de quimica orgánica /
_cpor Eduardo Lozano y Ponce de León.
260 _aBarcelona :
_b[s.n.],
_c1893 (
_fImprenta de Jaime Jepús y Roviralta)
300 _aVIII, 166 p. :
_bil. ;
_c22 cm.
852 _aES-MaACL
_jG-11040(2)
_z-- Enc. tela
_x-- Edic.: VIII, 168 p.
999 _c158175
_d158175